[Event "WYCC Open U16"]
[Site "Porto Carras"]
[Date "2015.10.31"]
[Round "6.9"]
[White "Costachi, Mihnea"]
[Black "Thybo, Jesper Sondergaard"]
[Result "1-0"]
[BlackElo "2278"]
[WhiteElo "2407"]
[LiveChessVersion "1.4.6"]

1. d4 {[%clk 1:30:57]} Nf6 {[%clk 1:30:49]} 2. c4 {[%clk 1:31:24]} g6
{[%clk 1:31:09]} 3. Nc3 {[%clk 1:31:48]} d5 {[%clk 1:31:34]} 4. Nf3
{[%clk 1:31:49]} Bg7 {[%clk 1:31:51]} 5. Qb3 {[%clk 1:31:58]} dxc4
{[%clk 1:30:42]} 6. Qxc4 {[%clk 1:32:23]} O-O {[%clk 1:30:55]} 7. e4
{[%clk 1:32:50]} a6 {[%clk 1:23:56]} 8. Be2 {[%clk 1:32:23]} b5 {[%clk 1:24:14]}
9. Qb3 {[%clk 1:32:50]} c5 {[%clk 1:23:56]} 10. dxc5 {[%clk 1:33:15]} Bb7
{[%clk 1:12:13]} 11. O-O {[%clk 0:58:33]} Nbd7 {[%clk 1:06:34]} 12. Be3
{[%clk 0:51:20]} Qc7 {[%clk 0:53:56]} 13. Nd5 {[%clk 0:48:58]} Bxd5
{[%clk 0:49:42]} 14. exd5 {[%clk 0:47:19]} Nxc5 {[%clk 0:49:50]} 15. Qb4
{[%clk 0:40:26]} Ncd7 {[%clk 0:48:35]} 16. Rfd1 {[%clk 0:36:11]} Qb7
{[%clk 0:40:15]} 17. Qd4 {[%clk 0:30:02]} Rac8 {[%clk 0:36:41]} 18. Ng5
{[%clk 0:24:15]} Rfd8 {[%clk 0:26:40]} 19. Bf3 {[%clk 0:23:40]} Rc4
{[%clk 0:23:43]} 20. d6 {[%clk 0:21:22]} Rxd4 {[%clk 0:14:54]} 21. Bxb7
{[%clk 0:21:47]} Rxd6 {[%clk 0:11:50]} 22. Rxd6 {[%clk 0:22:02]} exd6
{[%clk 0:12:17]} 23. Rd1 {[%clk 0:16:09]} Rb8 {[%clk 0:08:31]} 24. Bxa6
{[%clk 0:12:54]} Ne8 {[%clk 0:05:59]} 25. Ne4 {[%clk 0:10:31]} Ne5
{[%clk 0:05:54]} 26. Rc1 {[%clk 0:07:27]} Nd3 {[%clk 0:05:43]} 27. Rc8
{[%clk 0:07:42]} Rxc8 {[%clk 0:05:19]} 28. Bxc8 {[%clk 0:08:11]} Nxb2
{[%clk 0:04:48]} 29. Bd7 {[%clk 0:08:14]} Nc7 {[%clk 0:04:57]} 30. Nxd6
{[%clk 0:08:26]} b4 {[%clk 0:04:51]} 31. Bc6 {[%clk 0:07:47]} Be5
{[%clk 0:04:04]} 32. Nb5 {[%clk 0:07:30]} Ne6 {[%clk 0:03:51]} 33. Bd2
{[%clk 0:06:32]} Nd3 {[%clk 0:03:25]} 34. Kf1 {[%clk 0:06:10]} Kf8
{[%clk 0:02:55]} 35. Be4 {[%clk 0:05:09]} Nec5 {[%clk 0:02:38]} 36. Bxd3
{[%clk 0:05:37]} Nxd3 {[%clk 0:02:57]} 37. Ke2 {[%clk 0:04:44]} Nf4+
{[%clk 0:02:11]} 38. Kf3 {[%clk 0:04:58]} Ne6 {[%clk 0:00:38]} 39. Bxb4+
{[%clk 0:05:19]} Ke8 {[%clk 0:01:03]} 40. Bd6 {[%clk 0:33:37]} Nd4+
{[%clk 0:30:34]} 41. Ke4 {[%clk 0:30:52]} Nxb5 {[%clk 0:27:31]} 42. Bxe5
{[%clk 0:31:12]} Kd7 {[%clk 0:27:37]} 43. Kd5 {[%clk 0:31:26]} Na7
{[%clk 0:27:27]} 44. a4 {[%clk 0:30:45]} 1-0

[Event "WYCC Open U16"]
[Site "Porto Carras"]
[Date "2015.10.31"]
[Round "6.10"]
[White "Makhnyov, Denis"]
[Black "Drakoulakos, Grigorios"]
[Result "1/2-1/2"]
[BlackElo "2234"]
[WhiteElo "2399"]
[LiveChessVersion "1.4.6"]

1. Nf3 {[%clk 1:30:42]} Nf6 {[%clk 1:29:26]} 2. c4 {[%clk 1:31:00]} e6
{[%clk 1:28:58]} 3. g3 {[%clk 1:30:45]} b6 {[%clk 1:28:47]} 4. Bg2
{[%clk 1:30:59]} Bb7 {[%clk 1:29:12]} 5. O-O {[%clk 1:30:53]} c5 {[%clk 1:28:55]}
6. d4 {[%clk 1:30:50]} cxd4 {[%clk 1:28:47]} 7. Qxd4 {[%clk 1:31:12]} d6
{[%clk 1:28:53]} 8. Nc3 {[%clk 1:31:02]} a6 {[%clk 1:28:59]} 9. Bg5
{[%clk 1:30:33]} Be7 {[%clk 1:29:11]} 10. Bxf6 {[%clk 1:20:47]} Bxf6
{[%clk 1:28:56]} 11. Qd3 {[%clk 1:21:15]} Be7 {[%clk 1:15:59]} 12. Rfd1
{[%clk 1:20:31]} Qc8 {[%clk 1:06:27]} 13. Ne4 {[%clk 1:18:22]} Bxe4
{[%clk 1:06:04]} 14. Qxe4 {[%clk 1:18:51]} Ra7 {[%clk 1:06:17]} 15. b3
{[%clk 1:07:43]} O-O {[%clk 1:06:13]} 16. Nd4 {[%clk 1:07:47]} Rc7
{[%clk 0:58:22]} 17. Rd2 {[%clk 0:57:47]} Rc5 {[%clk 0:53:44]} 18. Qd3
{[%clk 0:57:14]} Rd8 {[%clk 0:52:47]} 19. Rad1 {[%clk 0:57:11]} Nd7
{[%clk 0:47:03]} 20. a4 {[%clk 0:53:12]} Rc7 {[%clk 0:43:03]} 21. e3
{[%clk 0:51:47]} Nc5 {[%clk 0:41:17]} 22. Qb1 {[%clk 0:52:08]} Bf6
{[%clk 0:35:43]} 23. Qa2 {[%clk 0:49:56]} h6 {[%clk 0:34:45]} 24. b4
{[%clk 0:38:24]} Nb7 {[%clk 0:32:50]} 25. Rc2 {[%clk 0:37:30]} Bxd4
{[%clk 0:18:13]} 26. exd4 {[%clk 0:33:29]} d5 {[%clk 0:15:45]} 27. Rdc1
{[%clk 0:29:43]} dxc4 {[%clk 0:15:42]} 28. Rxc4 {[%clk 0:30:02]} Rxc4
{[%clk 0:16:04]} 29. Qxc4 {[%clk 0:28:06]} Qxc4 {[%clk 0:15:18]} 30. Rxc4
{[%clk 0:28:35]} b5 {[%clk 0:12:16]} 31. Rc7 {[%clk 0:16:54]} Nd6
{[%clk 0:12:15]} 32. Ra7 {[%clk 0:03:11]} bxa4 {[%clk 0:08:10]} 33. Rxa6
{[%clk 0:03:36]} Nb5 {[%clk 0:07:03]} 34. Rxa4 {[%clk 0:03:43]} Nxd4
{[%clk 0:03:56]} 1/2-1/2

[Event "WYCC Open U16"]
[Site "Porto Carras"]
[Date "2015.10.31"]
[Round "6.11"]
[White "Perez Garcia, Alejandro"]
[Black "Capone, Nicola"]
[Result "0-1"]
[BlackElo "2391"]
[WhiteElo "2275"]
[LiveChessVersion "1.4.6"]

1. Nf3 {[%clk 1:30:55]} Nf6 {[%clk 1:30:54]} 2. c4 {[%clk 1:31:15]} e6
{[%clk 1:31:11]} 3. g3 {[%clk 1:31:06]} a6 {[%clk 1:31:33]} 4. Bg2
{[%clk 1:30:35]} b5 {[%clk 1:31:56]} 5. b3 {[%clk 1:30:53]} c5 {[%clk 1:30:56]}
6. O-O {[%clk 1:30:12]} Bb7 {[%clk 1:29:56]} 7. Bb2 {[%clk 1:29:58]} Be7
{[%clk 1:28:51]} 8. Qc2 {[%clk 1:27:52]} Qb6 {[%clk 1:28:48]} 9. d3
{[%clk 1:23:43]} Nc6 {[%clk 1:25:10]} 10. Nbd2 {[%clk 1:21:50]} O-O
{[%clk 1:22:25]} 11. e4 {[%clk 1:19:17]} d6 {[%clk 1:06:25]} 12. Ne1
{[%clk 1:15:22]} d5 {[%clk 0:49:28]} 13. e5 {[%clk 1:06:07]} Ng4 {[%clk 0:49:43]}
14. cxd5 {[%clk 0:56:26]} exd5 {[%clk 0:48:53]} 15. Nef3 {[%clk 0:52:18]} Nb4
{[%clk 0:47:16]} 16. Qb1 {[%clk 0:51:53]} Qg6 {[%clk 0:41:06]} 17. h3
{[%clk 0:49:23]} Nh6 {[%clk 0:41:02]} 18. Ne1 {[%clk 0:47:02]} Rad8
{[%clk 0:40:27]} 19. a3 {[%clk 0:39:26]} Nc6 {[%clk 0:40:52]} 20. Nef3
{[%clk 0:38:49]} Rc8 {[%clk 0:27:43]} 21. Re1 {[%clk 0:32:27]} Nf5
{[%clk 0:25:41]} 22. g4 {[%clk 0:28:32]} Nfd4 {[%clk 0:25:13]} 23. Nxd4
{[%clk 0:27:09]} Nxd4 {[%clk 0:25:36]} 24. f4 {[%clk 0:24:50]} Bh4
{[%clk 0:23:42]} 25. Re3 {[%clk 0:22:53]} h5 {[%clk 0:19:28]} 26. Qd1
{[%clk 0:19:05]} f6 {[%clk 0:12:33]} 27. gxh5 {[%clk 0:08:58]} Qf5
{[%clk 0:09:46]} 28. Qg4 {[%clk 0:07:13]} Qxg4 {[%clk 0:09:52]} 29. hxg4
{[%clk 0:07:40]} fxe5 {[%clk 0:08:32]} 30. Rh3 {[%clk 0:05:30]} Ne2+
{[%clk 0:05:28]} 31. Kh2 {[%clk 0:04:41]} Nxf4 {[%clk 0:05:52]} 32. Rxh4
{[%clk 0:04:47]} Nxd3 {[%clk 0:06:18]} 33. Bc1 {[%clk 0:01:12]} Rf2
{[%clk 0:03:53]} 34. Kg1 {[%clk 0:01:27]} Rcf8 {[%clk 0:03:50]} 35. Nf1
{[%clk 0:00:34]} d4 {[%clk 0:03:43]} 36. Bxb7 {[%clk 0:00:38]} Rxf1+
{[%clk 0:04:08]} 37. Kh2 {[%clk 0:00:36]} Nxc1 {[%clk 0:01:31]} 38. Bd5+
{[%clk 0:00:34]} Kh8 {[%clk 0:01:25]} 39. g5 {[%clk 0:00:40]} d3 {[%clk 0:01:16]}
0-1

[Event "WYCC Open U16"]
[Site "Porto Carras"]
[Date "2015.10.31"]
[Round "6.12"]
[White "Dragnev, Valentin"]
[Black "Abdisalimov, Abdimalik"]
[Result "1-0"]
[BlackElo "2178"]
[WhiteElo "2380"]
[LiveChessVersion "1.4.6"]

1. e4 {[%clk 1:30:59]} d6 {[%clk 1:27:29]} 2. d4 {[%clk 1:31:12]} Nf6
{[%clk 1:27:55]} 3. Nc3 {[%clk 1:31:38]} g6 {[%clk 1:28:21]} 4. f4
{[%clk 1:32:04]} Bg7 {[%clk 1:28:46]} 5. Nf3 {[%clk 1:32:31]} O-O
{[%clk 1:25:25]} 6. e5 {[%clk 1:31:47]} dxe5 {[%clk 1:19:26]} 7. fxe5
{[%clk 1:32:00]} Nd5 {[%clk 1:19:52]} 8. Bc4 {[%clk 1:32:25]} Nb6
{[%clk 1:16:04]} 9. Bb3 {[%clk 1:31:54]} Nc6 {[%clk 1:02:51]} 10. a4
{[%clk 1:31:28]} Na5 {[%clk 0:56:37]} 11. Ba2 {[%clk 1:30:59]} Bg4
{[%clk 0:55:53]} 12. Ne4 {[%clk 1:08:01]} Bd7 {[%clk 0:34:08]} 13. b4
{[%clk 1:03:31]} Nc6 {[%clk 0:34:28]} 14. c3 {[%clk 1:00:59]} Be6
{[%clk 0:31:20]} 15. Bb1 {[%clk 0:54:33]} Bd5 {[%clk 0:30:16]} 16. Nc5
{[%clk 0:46:13]} f6 {[%clk 0:25:27]} 17. e6 {[%clk 0:43:35]} Qc8 {[%clk 0:17:00]}
18. Qe2 {[%clk 0:27:46]} Nd8 {[%clk 0:16:48]} 19. Ba2 {[%clk 0:22:17]} Bxa2
{[%clk 0:14:59]} 20. Rxa2 {[%clk 0:20:34]} Nd5 {[%clk 0:15:28]} 21. Bd2
{[%clk 0:20:38]} c6 {[%clk 0:15:01]} 22. c4 {[%clk 0:15:37]} Nc7 {[%clk 0:15:29]}
23. d5 {[%clk 0:15:12]} cxd5 {[%clk 0:15:44]} 24. cxd5 {[%clk 0:15:36]} Nxd5
{[%clk 0:15:49]} 25. O-O {[%clk 0:14:49]} Nc7 {[%clk 0:12:14]} 26. Rc1
{[%clk 0:06:05]} Ncxe6 {[%clk 0:09:06]} 27. Rac2 {[%clk 0:06:02]} Nxc5
{[%clk 0:09:06]} 28. Qxe7 {[%clk 0:04:34]} Nde6 {[%clk 0:07:29]} 29. bxc5
{[%clk 0:03:52]} Qc6 {[%clk 0:07:54]} 30. Qd6 {[%clk 0:03:50]} Rfd8
{[%clk 0:08:03]} 31. Qg3 {[%clk 0:01:49]} Rd3 {[%clk 0:08:09]} 32. Ne5
{[%clk 0:01:07]} Rxg3 {[%clk 0:07:32]} 33. Nxc6 {[%clk 0:01:36]} Ra3
{[%clk 0:07:03]} 34. Re1 {[%clk 0:02:02]} Re8 {[%clk 0:01:21]} 35. Na5
{[%clk 0:02:07]} Rxa4 {[%clk 0:00:55]} 36. Nxb7 {[%clk 0:02:29]} Bf8
{[%clk 0:01:22]} 37. c6 {[%clk 0:01:52]} Kf7 {[%clk 0:01:12]} 38. c7
{[%clk 0:01:04]} Rc8 {[%clk 0:01:29]} 39. Ba5 {[%clk 0:00:41]} Nd4
{[%clk 0:00:35]} 40. Rd2 {[%clk 0:30:42]} Rxa5 {[%clk 0:30:39]} 41. Rxd4
{[%clk 0:22:13]} Re5 {[%clk 0:22:14]} 42. Rc1 {[%clk 0:21:48]} Ree8
{[%clk 0:08:16]} 43. Rd7+ {[%clk 0:13:11]} Ke6 {[%clk 0:08:11]} 44. Rcd1
{[%clk 0:11:22]} Re7 {[%clk 0:04:59]} 45. Nd8+ {[%clk 0:11:02]} Kf5
{[%clk 0:05:15]} 46. Rf1+ {[%clk 0:02:05]} Kg4 {[%clk 0:04:38]} 47. Rd5
{[%clk 0:01:23]} f5 {[%clk 0:04:41]} 48. h3+ {[%clk 0:00:59]} Kh4
{[%clk 0:04:49]} 49. g4 {[%clk 0:00:45]} Re3 {[%clk 0:02:06]} 50. gxf5
{[%clk 0:00:58]} Rg3+ {[%clk 0:02:35]} 51. Kf2 {[%clk 0:01:18]} Rxh3
{[%clk 0:01:14]} 52. Ne6 {[%clk 0:01:43]} Be7 {[%clk 0:00:54]} 53. Rd7
{[%clk 0:02:08]} Rh2+ {[%clk 0:00:36]} 54. Kg1 {[%clk 0:02:30]} Re2
{[%clk 0:00:38]} 55. Rf4+ {[%clk 0:01:59]} Kg3 {[%clk 0:00:40]} 56. Rd3+
{[%clk 0:02:25]} 1-0

[Event "WYCC Open U16"]
[Site "Porto Carras"]
[Date "2015.10.31"]
[Round "6.13"]
[White "Acosta, Pablo Ismael"]
[Black "Petrov, Martin"]
[Result "1-0"]
[BlackElo "2267"]
[WhiteElo "2377"]
[LiveChessVersion "1.4.6"]

1. d4 {[%clk 1:30:54]} Nf6 {[%clk 1:28:33]} 2. c4 {[%clk 1:31:01]} e6
{[%clk 1:26:47]} 3. Nc3 {[%clk 1:30:01]} Bb4 {[%clk 1:26:47]} 4. e3
{[%clk 1:28:51]} O-O {[%clk 1:26:42]} 5. a3 {[%clk 1:27:42]} Bxc3+
{[%clk 1:26:38]} 6. bxc3 {[%clk 1:27:57]} b6 {[%clk 1:18:19]} 7. Bd3
{[%clk 1:27:49]} Bb7 {[%clk 1:15:20]} 8. f3 {[%clk 1:26:40]} Nc6 {[%clk 1:11:15]}
9. e4 {[%clk 1:13:38]} Ne8 {[%clk 1:04:54]} 10. Nh3 {[%clk 1:11:47]} Na5
{[%clk 1:04:43]} 11. Bf4 {[%clk 1:00:03]} Ba6 {[%clk 1:02:43]} 12. Qe2
{[%clk 0:54:43]} f6 {[%clk 0:38:07]} 13. O-O {[%clk 0:41:57]} Nd6
{[%clk 0:34:40]} 14. e5 {[%clk 0:34:13]} Ndxc4 {[%clk 0:33:17]} 15. exf6
{[%clk 0:34:06]} gxf6 {[%clk 0:32:10]} 16. Bh6 {[%clk 0:28:52]} Re8
{[%clk 0:30:14]} 17. f4 {[%clk 0:21:14]} Qe7 {[%clk 0:28:28]} 18. Qg4+
{[%clk 0:14:11]} Kh8 {[%clk 0:28:52]} 19. Qh5 {[%clk 0:14:23]} Rg8
{[%clk 0:27:02]} 20. Ng5 {[%clk 0:14:43]} fxg5 {[%clk 0:17:27]} 21. Bxg5
{[%clk 0:13:38]} Rxg5 {[%clk 0:17:05]} 22. fxg5 {[%clk 0:13:59]} Ne3
{[%clk 0:08:58]} 23. Rf7 {[%clk 0:12:38]} Qxf7 {[%clk 0:08:46]} 24. Qxf7
{[%clk 0:12:59]} Bxd3 {[%clk 0:08:32]} 25. Qf3 {[%clk 0:13:01]} Nc6
{[%clk 0:08:19]} 26. Qxe3 {[%clk 0:13:20]} Bc4 {[%clk 0:08:45]} 27. Qf4
{[%clk 0:13:36]} d6 {[%clk 0:07:59]} 28. Qf7 {[%clk 0:13:32]} Rg8
{[%clk 0:08:04]} 29. h4 {[%clk 0:13:25]} 1-0

[Event "WYCC Open U16"]
[Site "Porto Carras"]
[Date "2015.10.31"]
[Round "6.14"]
[White "Martirosyan, Haik M."]
[Black "Georgiev, Todor"]
[Result "1-0"]
[BlackElo "2190"]
[WhiteElo "2366"]
[LiveChessVersion "1.4.6"]

1. d4 {[%clk 1:30:57]} Nf6 2. c4 {[%clk 1:31:09]} g6 {[%clk 1:30:57]} 3. Nc3
{[%clk 1:31:21]} d5 {[%clk 1:31:08]} 4. Bf4 {[%clk 1:30:50]} Bg7 {[%clk 1:31:19]}
5. e3 {[%clk 1:30:39]} c5 {[%clk 1:30:04]} 6. dxc5 {[%clk 1:30:13]} Qa5
{[%clk 1:26:48]} 7. Rc1 {[%clk 1:28:16]} dxc4 {[%clk 1:24:25]} 8. Bxc4
{[%clk 1:27:34]} O-O {[%clk 1:21:31]} 9. Nf3 {[%clk 1:25:31]} Qxc5
{[%clk 1:21:02]} 10. Bb3 {[%clk 1:25:58]} Nc6 {[%clk 1:20:39]} 11. O-O
{[%clk 1:26:20]} Qa5 {[%clk 1:19:41]} 12. h3 {[%clk 1:26:43]} Bf5
{[%clk 1:16:46]} 13. Qe2 {[%clk 1:27:08]} Ne4 {[%clk 1:03:58]} 14. Nd5
{[%clk 1:27:20]} e5 {[%clk 1:02:15]} 15. Rxc6 {[%clk 1:27:44]} exf4
{[%clk 0:52:42]} 16. Rc7 {[%clk 1:26:29]} Be6 {[%clk 0:27:01]} 17. Ne7+
{[%clk 1:00:47]} Kh8 {[%clk 0:27:29]} 18. Rfc1 {[%clk 0:49:05]} Bxb3
{[%clk 0:20:51]} 19. axb3 {[%clk 0:49:34]} fxe3 {[%clk 0:15:31]} 20. Qxe3
{[%clk 0:49:51]} Nd6 {[%clk 0:15:19]} 21. Qf4 {[%clk 0:46:54]} Rad8
{[%clk 0:13:20]} 22. b4 {[%clk 0:37:37]} Qb5 {[%clk 0:04:31]} 23. Rd1
{[%clk 0:23:34]} Qb6 {[%clk 0:03:32]} 24. Rc5 {[%clk 0:23:49]} Rd7
{[%clk 0:00:44]} 25. Nc8 {[%clk 0:22:31]} 1-0

[Event "WYCC Open U16"]
[Site "Porto Carras"]
[Date "2015.10.31"]
[Round "6.15"]
[White "Papadopoulos, Argirios"]
[Black "Janik, Igor"]
[Result "1-0"]
[BlackElo "2344"]
[WhiteElo "2267"]
[LiveChessVersion "1.4.6"]

1. e4 {[%clk 1:30:57]} e5 {[%clk 1:30:50]} 2. Nf3 {[%clk 1:31:23]} Nc6
{[%clk 1:31:10]} 3. Bb5 {[%clk 1:31:37]} a6 {[%clk 1:31:22]} 4. Ba4
{[%clk 1:32:05]} Nf6 {[%clk 1:31:16]} 5. O-O {[%clk 1:32:22]} Nxe4
{[%clk 1:30:56]} 6. d4 {[%clk 1:30:46]} exd4 {[%clk 1:29:15]} 7. Re1
{[%clk 1:22:28]} d5 {[%clk 1:29:00]} 8. c4 {[%clk 1:17:49]} Bb4 {[%clk 1:28:13]}
9. cxd5 {[%clk 0:47:42]} Bxe1 {[%clk 1:27:36]} 10. Qxe1 {[%clk 0:48:09]} Qxd5
{[%clk 1:27:59]} 11. Bb3 {[%clk 0:43:55]} Qc5 {[%clk 1:28:12]} 12. Qxe4+
{[%clk 0:42:33]} Be6 {[%clk 1:28:37]} 13. Bg5 {[%clk 0:33:45]} O-O
{[%clk 1:22:47]} 14. Bxe6 {[%clk 0:31:47]} fxe6 {[%clk 1:22:43]} 15. Qxe6+
{[%clk 0:23:52]} Kh8 {[%clk 1:23:05]} 16. Nbd2 {[%clk 0:24:01]} Rae8
{[%clk 1:16:30]} 17. Qc4 {[%clk 0:21:30]} Qd6 {[%clk 1:14:06]} 18. Rc1
{[%clk 0:19:04]} Re6 {[%clk 1:10:34]} 19. Qc5 {[%clk 0:15:50]} Qxc5
{[%clk 1:10:11]} 20. Rxc5 {[%clk 0:16:15]} h6 {[%clk 1:09:10]} 21. Bh4
{[%clk 0:16:01]} g5 {[%clk 1:09:22]} 22. Bg3 {[%clk 0:16:03]} g4 {[%clk 1:06:28]}
23. Ne5 {[%clk 0:10:58]} Rfe8 {[%clk 1:04:18]} 24. f4 {[%clk 0:11:00]} R8e7
{[%clk 0:56:29]} 25. Nxc6 {[%clk 0:04:41]} Rxc6 {[%clk 0:56:31]} 26. Rxc6
{[%clk 0:02:48]} bxc6 {[%clk 0:56:58]} 27. Bf2 {[%clk 0:00:54]} d3
{[%clk 0:55:35]} 28. Bd4+ {[%clk 0:01:19]} Kh7 {[%clk 0:55:59]} 29. Be5
{[%clk 0:01:34]} Kg6 {[%clk 0:54:52]} 30. Kf2 {[%clk 0:01:46]} Kf5
{[%clk 0:55:01]} 31. Ke3 {[%clk 0:01:33]} Rd7 {[%clk 0:55:19]} 32. g3
{[%clk 0:00:34]} h5 {[%clk 0:54:32]} 33. Nc4 {[%clk 0:00:36]} h4 {[%clk 0:54:27]}
34. Bc3 {[%clk 0:00:36]} c5 {[%clk 0:52:47]} 35. Ne5 {[%clk 0:00:53]} Rh7
{[%clk 0:53:12]} 36. Nxd3 {[%clk 0:00:33]} hxg3 {[%clk 0:53:35]} 37. hxg3
{[%clk 0:01:01]} Rh3 {[%clk 0:53:57]} 38. Be1 {[%clk 0:01:05]} Rh1
{[%clk 0:54:22]} 39. b3 {[%clk 0:00:37]} Rf1 {[%clk 0:54:35]} 40. Ke2
{[%clk 0:30:35]} Rh1 {[%clk 1:24:36]} 41. Nxc5 {[%clk 0:29:36]} Rh2+
{[%clk 1:24:55]} 42. Bf2 {[%clk 0:29:56]} a5 {[%clk 1:25:15]} 43. a4
{[%clk 0:25:50]} Rh1 {[%clk 1:25:19]} 44. Be1 {[%clk 0:23:38]} Rh2+
{[%clk 1:25:47]} 45. Ke3 {[%clk 0:22:50]} Rg2 {[%clk 1:25:31]} 46. Nb7
{[%clk 0:22:41]} Rg1 {[%clk 1:25:56]} 47. Bf2 {[%clk 0:20:10]} Rc1
{[%clk 1:25:30]} 48. Nxa5 {[%clk 0:20:09]} Rb1 {[%clk 1:25:59]} 49. Ke2
{[%clk 0:17:09]} Rb2+ {[%clk 1:26:25]} 50. Kf1 {[%clk 0:17:32]} Ke4
{[%clk 1:26:02]} 51. Nc4 {[%clk 0:17:45]} Rb1+ {[%clk 1:26:28]} 52. Ke2
{[%clk 0:15:59]} Kd5 {[%clk 1:26:42]} 53. Nd2 {[%clk 0:15:32]} Rb2
{[%clk 1:26:17]} 54. Kd3 {[%clk 0:15:05]} c5 {[%clk 1:26:32]} 55. f5
{[%clk 0:14:20]} 1-0

[Event "WYCC Open U16"]
[Site "Porto Carras"]
[Date "2015.10.31"]
[Round "6.16"]
[White "Marosi, Levente"]
[Black "Domingo Nunez, Ruben"]
[Result "1/2-1/2"]
[BlackElo "2339"]
[WhiteElo "2174"]
[LiveChessVersion "1.4.6"]

1. e4 {[%clk 1:30:56]} e6 {[%clk 1:30:54]} 2. d4 {[%clk 1:31:17]} d5
{[%clk 1:31:20]} 3. Nc3 {[%clk 1:31:32]} Bb4 {[%clk 1:31:46]} 4. e5
{[%clk 1:31:50]} c5 {[%clk 1:32:12]} 5. a3 {[%clk 1:32:16]} Bxc3+
{[%clk 1:32:39]} 6. bxc3 {[%clk 1:32:38]} Qa5 7. Bd2 {[%clk 1:30:55]} Qa4
{[%clk 1:33:33]} 8. Nf3 {[%clk 1:25:46]} b6 {[%clk 1:20:28]} 9. Bd3
{[%clk 1:16:38]} Ba6 {[%clk 1:16:30]} 10. O-O {[%clk 1:14:02]} Ne7
{[%clk 1:12:44]} 11. Bg5 {[%clk 1:05:14]} Nbc6 {[%clk 1:07:03]} 12. Qd2
{[%clk 0:52:31]} Bxd3 {[%clk 0:56:25]} 13. Qxd3 {[%clk 0:48:50]} h6
{[%clk 0:48:41]} 14. Bxe7 {[%clk 0:41:09]} Nxe7 {[%clk 0:49:09]} 15. Rab1
{[%clk 0:32:39]} Rc8 {[%clk 0:45:46]} 16. Rfc1 {[%clk 0:31:42]} O-O
{[%clk 0:38:17]} 17. Nd2 {[%clk 0:28:42]} Rc7 {[%clk 0:31:21]} 18. dxc5
{[%clk 0:18:42]} Rxc5 {[%clk 0:31:48]} 19. Nb3 {[%clk 0:19:02]} Rc4
{[%clk 0:27:53]} 20. Nd2 {[%clk 0:13:07]} Rc7 {[%clk 0:28:12]} 21. Rb3
{[%clk 0:11:32]} Nc6 {[%clk 0:25:42]} 22. Qe3 {[%clk 0:05:56]} Rfc8
{[%clk 0:21:57]} 23. Nb1 {[%clk 0:05:01]} Qc4 {[%clk 0:13:06]} 24. Rd1
{[%clk 0:03:20]} Qg4 {[%clk 0:08:24]} 25. Rd2 {[%clk 0:02:17]} Na5
{[%clk 0:06:43]} 26. Rb4 {[%clk 0:01:29]} Nc4 {[%clk 0:07:12]} 27. Qe1
{[%clk 0:00:49]} a5 {[%clk 0:05:03]} 28. Rd4 {[%clk 0:00:53]} Qf5
{[%clk 0:04:36]} 29. Rb5 {[%clk 0:01:00]} Qxc2 {[%clk 0:03:53]} 30. Qd1
{[%clk 0:01:19]} Qxd1+ {[%clk 0:03:47]} 31. Rxd1 {[%clk 0:01:46]} Nxa3 32. Nxa3
{[%clk 0:01:42]} Rxc3 {[%clk 0:01:48]} 33. Nb1 {[%clk 0:01:12]} Rc1
{[%clk 0:02:17]} 34. Rf1 {[%clk 0:01:28]} d4 {[%clk 0:01:31]} 35. f3
{[%clk 0:01:22]} R1c5 {[%clk 0:00:42]} 36. Rxb6 {[%clk 0:01:33]} Rxe5
{[%clk 0:01:11]} 37. Rd6 {[%clk 0:01:30]} Rc4 {[%clk 0:00:53]} 38. Nd2
{[%clk 0:01:02]} Rb4 {[%clk 0:00:48]} 39. Rd1 {[%clk 0:00:47]} a4
{[%clk 0:00:35]} 40. Rd8+ {[%clk 0:31:07]} Kh7 {[%clk 0:31:04]} 41. Nf1
{[%clk 0:25:55]} a3 {[%clk 0:13:44]} 42. Ra8 {[%clk 0:19:45]} Re2
{[%clk 0:07:59]} 43. Rxa3 {[%clk 0:17:12]} Rbb2 {[%clk 0:08:28]} 44. g3
{[%clk 0:17:10]} e5 {[%clk 0:06:45]} 45. Rad3 {[%clk 0:17:30]} Rg2+
{[%clk 0:07:04]} 46. Kh1 {[%clk 0:17:57]} Rgf2 {[%clk 0:07:09]} 47. Kg1
{[%clk 0:11:13]} Rg2+ {[%clk 0:07:34]} 1/2-1/2